[Event "Copenhagen AS04 Centenary"]
[Site "Copenhagen"]
[Date "2004.02.14"]
[Round "8"]
[White "Andersen, Rune"]
[Black "Olsen, Miriam F"]
[Result "1/2-1/2"]
[WhiteElo "2095"]
[BlackElo "1980"]
[PlyCount "115"]
[EventDate "2004.02.07"]
[EventType "swiss"]
[EventRounds "9"]
[EventCountry "DEN"]
[SourceTitle "CBM 098 Extra"]
[Source "ChessBase"]
[SourceDate "2004.03.10"]
[SourceVersion "2"]
[SourceVersionDate "2004.03.10"]
[SourceQuality "1"]

1. d4 Nf6 2. c4 e6 3. Nc3 Bb4 4. Bg5 h6 5. Bh4 g5 6. Bg3 Ne4 7. Qc2 f5 8. e3 b6 9. Bd3 Bb7 10. f3 Bxc3+ 11. bxc3 Nxg3 12. hxg3 Qf6 13. e4 fxe4 14. fxe4 d6 15. 0-0-0 e5 16. Be2 Nd7 17. Bh5+ Ke7 18. Nf3 Raf8 19. Bg4 Bc8 20. Qd2 Nb8 21. dxe5 dxe5 22. Bxc8 Rd8 23. Qb2 Rxd1+ 24. Rxd1 Rxc8 25. Rd5 Nc6 26. Qb5 a6 27. Qxa6 Qe6 28. Qb5 Kf6 29. Qa4 Rd8 30. Qd1 Rd6 31. Qf1 Ke7 32. Qh1 Qg6 33. Qe1 Qe6 34. Qf2 Qf7 35. Qe3 Qe6 36. Kb2 Na5 37. Qe2 Nc6 38. a4 Rd8 39. Rxd8 Nxd8 40. c5 Nb7 41. cxb6 Qxb6+ 42. Qb5 Qxb5+ 43. axb5 Nd6 44. Nxe5 Nxb5 45. Kc2 Nd6 46. Kd3 Ke6 47. Nc4 Nb5 48. g4 Na7 49. Na5 Ke5 50. g3 Nc8 51. Nc4+ Ke6 52. Kd4 Ne7 53. Kc5 Ng8 54. Kd4 Nf6 55. Ne3 c5+ 56. Kd3 Ke5 57. Nc4+ Ke6 58. Ne3 1/2-1/2

[Event "Copenhagen AS04 Centenary"]
[Site "Copenhagen"]
[Date "2004.02.09"]
[Round "3"]
[White "Timmermans, Ivo"]
[Black "Olsen, Miriam F"]
[Result "1/2-1/2"]
[WhiteElo "2237"]
[BlackElo "1980"]
[PlyCount "111"]
[EventDate "2004.02.07"]
[EventType "swiss"]
[EventRounds "9"]
[EventCountry "DEN"]
[SourceTitle "CBM 098 Extra"]
[Source "ChessBase"]
[SourceDate "2004.03.10"]
[SourceVersion "2"]
[SourceVersionDate "2004.03.10"]
[SourceQuality "1"]

1. e4 c5 2. Nf3 e6 3. d4 cxd4 4. Nxd4 Nc6 5. Nc3 Qc7 6. Be3 a6 7. Qd2 Nf6 8. f3 b5 9. 0-0-0 Bb7 10. Bf4 e5 11. Nxc6 dxc6 12. Bg3 Be7 13. Be2 0-0 14. f4 exf4 15. Bxf4 Qa5 16. e5 b4 17. exf6 bxc3 18. Qxc3 Qxc3 19. bxc3 Bxf6 20. Rd7 Bc8 21. Rc7 Be6 22. Rxc6 Bxa2 23. Rxa6 Bxc3 24. Rd1 h6 25. Rdd6 Rxa6 26. Rxa6 Re8 27. Bd1 Bd5 28. g3 Bb7 29. Rb6 Bd5 30. Bd2 Be5 31. Rb5 Be4 32. c4 Bd3 33. Bb3 Bf6 34. Bf4 Kh7 35. Kd2 Bf1 36. Rb7 Rc8 37. Rc7 Rxc7 38. Bxc7 Bd4 39. Bd6 Kg6 40. c5 Kf6 41. c6 Bg2 42. c7 Bb7 43. Bd5 Bc8 44. Kd3 Be5 45. Bxe5+ Kxe5 46. Bxf7 Kd6 47. Kd4 Kxc7 48. Ke5 Bh3 49. Be6 Bf1 50. Bd5 Kd7 51. Kf5 Ke7 52. Kg6 Kf8 53. Kh7 Bd3+ 54. Kh8 Bf5 55. Bc4 Be4 56. Bb3 1/2-1/2